Gemeinden im Landkreis Marburg-Biedenkopf - Statistiken

Allgemein
  • Dieses Quiz wurde 27 mal gespielt
  • Das Durchschnittsergebnis liegt bei 13 aus 22
Antwortstatistiken
Antwort % Korrekt
Marburg
100%
Biedenkopf
95%
Cölbe
77%
Gladenbach
73%
Stadtallendorf
73%
Wetter (Hessen)
73%
Ebsdorfergrund
68%
Weimar (Lahn)
68%
Kirchhain
64%
Lohra
59%
Bad Endbach
55%
Dautphetal
55%
Lahntal
55%
Amöneburg
50%
Angelburg
50%
Breidenbach
50%
Fronhausen
50%
Münchhausen (am Christenberg)
50%
Neustadt (Hessen)
50%
Steffenberg
45%
Wohratal
41%
Rauschenberg
32%
Keine übereinstimmenden Quizze gefunden
Verteilung der Resultate
Anzahl Personen mit jedem Resultat
Perzentil nach korrekt beantworteten Fragen
Ihre Resultats-Entwicklung
Sie haben dieses Quiz noch nicht gespielt